Progressively Harder Capital to Country Quiz - Global (Non-YB) - Statistics

General Stats
  • This quiz has been taken 125 times
  • The average score is 130 of 196
Answer Stats
% Country Capital City % Correct
92 France Paris
96%
82 Greece Athens
95%
88 Germany Berlin
95%
73 Brazil Brasília
95%
77 Belgium Brussels
95%
81 Ireland Dublin
95%
73 Finland Helsinki
95%
71 Ukraine Kyiv
95%
77 Portugal Lisbon
95%
89 United Kingdom London
95%
85 Spain Madrid
95%
76 Mexico Mexico City
95%
84 Russia Moscow
95%
79 Norway Oslo
95%
70 Canada Ottawa
95%
72 Czech Republic Prague
95%
89 Italy Rome
95%
81 Japan Tokyo
95%
78 Vatican City Vatican City
95%
85 United States Washington D.C.
95%
78 Netherlands Amsterdam
93%
77 China Beijing
93%
72 Hungary Budapest
93%
70 Monaco Monaco
93%
73 India New Delhi
93%
70 South Korea Seoul
93%
72 Sweden Stockholm
93%
77 Austria Vienna
93%
72 Poland Warsaw
93%
68 Switzerland Bern
91%
66 Argentina Buenos Aires
91%
68 Egypt Cairo
91%
74 Denmark Copenhagen
91%
61 Cuba Havana
91%
62 Peru Lima
91%
69 Luxembourg Luxembourg
91%
62 San Marino San Marino
91%
60 Turkey Ankara
89%
60 Thailand Bangkok
89%
68 Australia Canberra
89%
65 Israel Jerusalem
89%
66 Iceland Reykjavík
89%
61 Singapore Singapore
89%
57 New Zealand Wellington
89%
60 Iraq Baghdad
88%
58 Iran Tehran
88%
58 Romania Bucharest
86%
58 Belarus Minsk
86%
56 Panama Panama City
86%
66 Bulgaria Sofia
86%
59 Croatia Zagreb
86%
57 Afghanistan Kabul
84%
55 South Africa Pretoria / Cape Town / Bloemfontein
84%
55 North Korea Pyongyang
84%
56 Indonesia Jakarta
82%
54 Jamaica Kingston
82%
54 Saint Vincent and the Grenadines Kingstown
82%
53 Philippines Manila
82%
57 Chile Santiago
82%
53 Colombia Bogotá
81%
50 Pakistan Islamabad
81%
55 Estonia Tallinn
81%
51 United Arab Emirates Abu Dhabi
79%
50 Malaysia Kuala Lumpur
79%
48 Uruguay Montevideo
79%
45 Kenya Nairobi
79%
55 Latvia Riga
79%
43 Tunisia Tunis
79%
46 Algeria Algiers
77%
50 Venezuela Caracas
77%
43 Bangladesh Dhaka
77%
43 Qatar Doha
77%
49 Vietnam Hanoi
77%
47 Bolivia La Paz / Sucre
77%
39 Morocco Rabat
77%
43 Saudi Arabia Riyadh
77%
47 Andorra Andorra la Vella
75%
49 Kuwait Kuwait City
75%
44 El Salvador San Salvador
75%
45 Lebanon Beirut
74%
41 Guatemala Guatemala
74%
44 Nepal Kathmandu
74%
45 Ecuador Quito
74%
53 Bosnia and Herzegovina Sarajevo
74%
47 Taiwan Taipei
74%
45 Azerbaijan Baku
72%
50 Serbia Belgrade
72%
53 Albania Tirana
72%
45 Malta Valletta
72%
47 Slovakia Bratislava
70%
36 Djibouti Djibouti
70%
43 Slovenia Ljubljana
70%
41 Haiti Port-au-Prince
70%
37 Costa Rica San José
70%
43 Mongolia Ulaanbaatar
70%
40 Jordan Amman
68%
36 Kazakhstan Astana
68%
47 Syria Damascus
68%
38 Georgia Tbilisi
68%
37 Libya Tripoli
68%
37 Ethiopia Addis Ababa
67%
36 Paraguay Asunción
67%
33 Senegal Dakar
67%
34 Bahamas Nassau
67%
41 Cyprus Nicosia
67%
41 Liechtenstein Vaduz
67%
30 Ghana Accra
65%
34 Yemen Sana'a
65%
45 Lithuania Vilnius
65%
33 Maldives Malé
63%
34 Oman Muscat
63%
37 Cambodia Phnom Penh
63%
42 North Macedonia Skopje
63%
35 Armenia Yerevan
63%
36 Moldova Chișinău
61%
31 Sierra Leone Freetown
61%
36 Guyana Georgetown
61%
30 Democratic Republic of the Congo Kinshasa
61%
32 Dominican Republic Santo Domingo
61%
40 Kosovo Pristina
60%
29 Bahrain Manama
58%
28 Somalia Mogadishu
58%
27 São Tomé and Príncipe São Tomé
58%
27 Republic of the Congo Brazzaville
56%
28 Zimbabwe Harare
56%
34 Montenegro Podgorica
56%
29 Trinidad and Tobago Port-of-Spain
56%
29 Uzbekistan Tashkent
56%
27 Nigeria Abuja
54%
26 Sudan Khartoum
54%
28 Angola Luanda
54%
31 Nicaragua Managua
54%
27 Fiji Suva
54%
24 Turkmenistan Ashgabat
53%
27 Guinea-Bissau Bissau
53%
30 East Timor Dili
53%
27 Bhutan Thimphu
53%
26 Madagascar Antananarivo
51%
25 Brunei Bandar Seri Begawan
51%
23 Uganda Kampala
51%
23 Liberia Monrovia
51%
23 Burkina Faso Ouagadougou
51%
27 Honduras Tegucigalpa
51%
27 Belize Belmopan
49%
27 Barbados Bridgetown
49%
23 Tajikistan Dushanbe
49%
21 Zambia Lusaka
49%
26 Papua New Guinea Port Moresby
49%
26 Antigua and Barbuda Saint John's
49%
25 Seychelles Victoria
49%
29 Laos Vientiane
49%
26 Kyrgyzstan Bishkek
47%
19 Tanzania Dodoma
47%
24 Namibia Windhoek
47%
20 Saint Lucia Castries
46%
22 Rwanda Kigali
46%
20 Chad N'Djamena
46%
29 Suriname Paramaribo
46%
22 Dominica Roseau
46%
21 Eritrea Asmara
44%
19 Saint Kitts and Nevis Basseterre
44%
19 Guinea Conakry
44%
23 South Sudan Juba
44%
22 Gabon Libreville
44%
21 Togo Lomé
44%
22 Cameroon Yaoundé
44%
20 Samoa Apia
42%
21 Botswana Gaborone
42%
21 Mozambique Maputo
42%
19 Vanuatu Port Vila
42%
20 Cape Verde Praia
42%
24 Grenada Saint George's
40%
21 Myanmar Naypyidaw
39%
20 Mauritius Port Louis
39%
22 Sri Lanka Sri Jayawardenepura Kotte
39%
19 Mali Bamako
37%
21 Benin Porto-Novo / Cotonou
37%
16 Mauritania Nouakchott
35%
19 Central African Republic Bangui
33%
16 Burundi Gitega
33%
18 Malawi Lilongwe
33%
16 Nauru Yaren
33%
18 Gambia Banjul
32%
17 Tuvalu Funafuti
32%
19 Niger Niamey
32%
17 Ivory Coast Yamoussoukro
30%
17 Lesotho Maseru
28%
17 Eswatini Mbabane
28%
18 Comoros Moroni
28%
16 Kiribati South Tarawa
28%
16 Solomon Islands Honiara
26%
17 Equatorial Guinea Malabo
26%
15 Marshall Islands Majuro
25%
14 Palau Ngerulmud
25%
16 Tonga Nukuʻalofa
23%
15 Federated States of Micronesia Palikir
23%
No matching quizzes found
Score Distribution
Percent of People with Each Score
Percentile by Number Answered
Your Score History
You have not taken this quiz